|
|
|
|
| LEADER |
02834nam a22004093i 4500 |
| 001 |
EBC30718593 |
| 003 |
MiAaPQ |
| 005 |
20231204023231.0 |
| 006 |
m o d | |
| 007 |
cr cnu|||||||| |
| 008 |
231204s2023 xx o ||||0 eng d |
| 020 |
|
|
|a 9781000981896
|q (electronic bk.)
|
| 020 |
|
|
|z 9781032231594
|
| 035 |
|
|
|a (MiAaPQ)EBC30718593
|
| 035 |
|
|
|a (Au-PeEL)EBL30718593
|
| 035 |
|
|
|a (OCoLC)1396696386
|
| 040 |
|
|
|a MiAaPQ
|b eng
|e rda
|e pn
|c MiAaPQ
|d MiAaPQ
|
| 082 |
0 |
|
|a 170
|
| 100 |
1 |
|
|a Placani, Adriana.
|
| 245 |
1 |
0 |
|a Risk and Responsibility in Context.
|
| 250 |
|
|
|a 1st ed.
|
| 264 |
|
1 |
|a Milton :
|b Taylor & Francis Group,
|c 2023.
|
| 264 |
|
4 |
|c Ã2024.
|
| 300 |
|
|
|a 1 online resource (288 pages)
|
| 336 |
|
|
|a text
|b txt
|2 rdacontent
|
| 337 |
|
|
|a computer
|b c
|2 rdamedia
|
| 338 |
|
|
|a online resource
|b cr
|2 rdacarrier
|
| 490 |
1 |
|
|a Routledge Studies in Ethics and Moral Theory Series
|
| 505 |
0 |
|
|a Cover -- Half Title -- Series Page -- Title Page -- Copyright Page -- Contents -- List of Contributors -- Acknowledgments -- 1. Risk, Responsibility, and Their Relations -- PART I: Conceptual Context -- 2. Responsibility beyond Control -- 3. Risk Mismanagement: The Illusion of Control in Indeterminate Systems -- PART II: Legal Context -- 4. Risk, Responsibility, and Pre-Trial Detention -- 5. Risks of Incorrect Use of Probabilities in Court and What to Do about Them -- PART III: Bioethical Context -- 6. The Failure of Luck Anti-Egalitarianism -- 7. Moral Responsibility and Public Health Risks: Examples from the Coronavirus Pandemic -- 8. Responsible Risking, Forethought, and the Case of Human Gene Editing -- PART IV: Technological Context -- 9. Emotions, Risk, and Responsibility: Emotions, Values, and Responsible Innovation of Risky Technologies -- 10. Responsibility Gaps, Value Alignment, and Meaningful Human Control over Artificial Intelligence -- 11. Radioactive Waste and Responsibility toward Future Generations -- PART V: Environmental Context -- 12. Resilience and Responsibilities: Normative Resilience for Responsibility Arrangements -- 13. Individual Climate Risks at the Bounds of Rationality -- Index.
|
| 588 |
|
|
|a Description based on publisher supplied metadata and other sources.
|
| 590 |
|
|
|a Electronic reproduction. Ann Arbor, Michigan : ProQuest Ebook Central, 2023. Available via World Wide Web. Access may be limited to ProQuest Ebook Central affiliated libraries.
|
| 655 |
|
4 |
|a Electronic books.
|
| 700 |
1 |
|
|a Broadhead, Stearns.
|
| 776 |
0 |
8 |
|i Print version:
|a Placani, Adriana
|t Risk and Responsibility in Context
|d Milton : Taylor & Francis Group,c2023
|z 9781032231594
|
| 797 |
2 |
|
|a ProQuest (Firm)
|
| 830 |
|
0 |
|a Routledge Studies in Ethics and Moral Theory Series
|
| 856 |
4 |
0 |
|u https://ebookcentral.proquest.com/lib/matrademy/detail.action?docID=30718593
|z Click to View
|